Estupefacientes /

Guardado en:
Autor Principal: Cornejo, Abel
Formato: Libro
Idioma:Spanish
Publicado: Santa Fe : Rubinzal Culzoni, 2003.
Edición:1a. ed.
Materias:
Etiquetas: Agregar Etiqueta
Sin Etiquetas, Sea el primero en etiquetar este registro!
LEADER 00640nam a22001935a 4500
001 DER.der001343
008 180615s2003####ag#||||||||||||||#||spa||
005 20250714153327.0
245 1 0 |a Estupefacientes /  |c Abel Cornejo ; con la colaboración de Pablo Antonio Lauthier. 
250 |a 1a. ed. 
260 |a Santa Fe :  |b Rubinzal Culzoni,  |c 2003. 
300 |a 430 p. 
020 |a 9507274766 
100 1 |a Cornejo, Abel 
700 1 |a Lauthier, Pablo Antonio,  |e col. 
650 7 |a DERECHO PENAL 
859 |a DERECHO  |b BIB. DERECHO  |h 345  |i COR  |p 002995 
859 |a DERECHO  |b BIB. DERECHO  |h 345  |i COR  |p 002996  |t 1 
859 |a DERECHO  |b BIB. DERECHO  |h 345  |i COR  |p 001116  |t 2